000 00362nam a2200145 i 4500
001 bg
100 1 _aOSYCZKA, Andrzej
245 0 _aOrganizacja i optymalizacja... /
_cAndrzej Osyczka, Jan Szadkowski.
260 _aKraków,
_c1978.
700 1 _aSZADKOWSKI, Jan
040 _cBPK
041 _apol
942 _cKS
008 s pl f |000 0 pol
999 _c18387
_d18387
856 _uhttp://koha.tu.koszalin.pl/cgi-bin/koha/opac-detail.pl?biblionumber=18387
_yKatalog online BPK